<?xml version="1.0" encoding="UTF-8"?>
<record
    xmlns:xsi="http://www.w3.org/2001/XMLSchema-instance"
    xsi:schemaLocation="http://www.loc.gov/MARC21/slim http://www.loc.gov/standards/marcxml/schema/MARC21slim.xsd"
    xmlns="http://www.loc.gov/MARC21/slim">

  <leader>00599nam a22001697a 4500</leader>
  <controlfield tag="003">SGT</controlfield>
  <datafield tag="020" ind1=" " ind2=" ">
    <subfield code="a">9789381335352</subfield>
  </datafield>
  <datafield tag="082" ind1=" " ind2=" ">
    <subfield code="a">510,KHA</subfield>
  </datafield>
  <datafield tag="100" ind1=" " ind2=" ">
    <subfield code="a">KHANDELWAL, S.K</subfield>
  </datafield>
  <datafield tag="245" ind1=" " ind2=" ">
    <subfield code="a">QUANTITATIVE TECHNIQUES </subfield>
  </datafield>
  <datafield tag="250" ind1=" " ind2=" ">
    <subfield code="a">1ST</subfield>
  </datafield>
  <datafield tag="260" ind1=" " ind2=" ">
    <subfield code="a">NEW DELHI</subfield>
    <subfield code="b">INTERNATIONAL BOOK HOUSE</subfield>
    <subfield code="c">2012</subfield>
  </datafield>
  <datafield tag="300" ind1=" " ind2=" ">
    <subfield code="a">696</subfield>
  </datafield>
  <datafield tag="650" ind1=" " ind2=" ">
    <subfield code="a">MAHEMATICS</subfield>
  </datafield>
  <datafield tag="653" ind1=" " ind2=" ">
    <subfield code="a">STATISTICS AN INTRODUCTION, DATA COLLECTION, FREQUENCY DISTRIBUTION AND PRESENTATION OF DATA,MEASURES OF CENTRAL TENDENCY, MEASURES OF DISPERSION, CORRELATION ANALYSIS, LINEAR REGRESSION ANALYSIS, ANALYSIS OF TIME SERIES, PROBABILITY,  </subfield>
  </datafield>
  <datafield tag="942" ind1=" " ind2=" ">
    <subfield code="2">ddc</subfield>
    <subfield code="c">FCM</subfield>
  </datafield>
  <datafield tag="952" ind1=" " ind2=" ">
    <subfield code="0">0</subfield>
    <subfield code="1">0</subfield>
    <subfield code="2">ddc</subfield>
    <subfield code="4">0</subfield>
    <subfield code="7">0</subfield>
    <subfield code="8">CM</subfield>
    <subfield code="a">SSSL</subfield>
    <subfield code="b">SSSL</subfield>
    <subfield code="c">DISPLAY</subfield>
    <subfield code="d">2016-06-10</subfield>
    <subfield code="e">IBH</subfield>
    <subfield code="g">425.00</subfield>
    <subfield code="i">SGTU</subfield>
    <subfield code="l">4</subfield>
    <subfield code="o">510,KHA</subfield>
    <subfield code="p">CM219</subfield>
    <subfield code="r">2018-12-11 00:00:00</subfield>
    <subfield code="s">2018-11-12</subfield>
    <subfield code="w">2013-11-11</subfield>
    <subfield code="y">FCM</subfield>
    <subfield code="k">14725</subfield>
  </datafield>
  <datafield tag="952" ind1=" " ind2=" ">
    <subfield code="0">0</subfield>
    <subfield code="1">0</subfield>
    <subfield code="2">ddc</subfield>
    <subfield code="4">0</subfield>
    <subfield code="7">0</subfield>
    <subfield code="8">CM</subfield>
    <subfield code="a">SSSL</subfield>
    <subfield code="b">SSSL</subfield>
    <subfield code="c">DISPLAY</subfield>
    <subfield code="d">2016-06-10</subfield>
    <subfield code="e">IBH</subfield>
    <subfield code="g">425.00</subfield>
    <subfield code="i">SGTU</subfield>
    <subfield code="l">1</subfield>
    <subfield code="o">510,KHA</subfield>
    <subfield code="p">CM220</subfield>
    <subfield code="r">2017-12-28 00:00:00</subfield>
    <subfield code="s">2017-12-18</subfield>
    <subfield code="w">2013-11-11</subfield>
    <subfield code="y">FCM</subfield>
    <subfield code="k">14725</subfield>
  </datafield>
  <datafield tag="952" ind1=" " ind2=" ">
    <subfield code="0">0</subfield>
    <subfield code="1">0</subfield>
    <subfield code="2">ddc</subfield>
    <subfield code="4">0</subfield>
    <subfield code="7">1</subfield>
    <subfield code="8">CM</subfield>
    <subfield code="a">SSSL</subfield>
    <subfield code="b">SSSL</subfield>
    <subfield code="c">REF</subfield>
    <subfield code="d">2016-06-10</subfield>
    <subfield code="e">IBH</subfield>
    <subfield code="g">425.00</subfield>
    <subfield code="i">SGTU</subfield>
    <subfield code="o">510,KHA</subfield>
    <subfield code="p">CM221</subfield>
    <subfield code="r">2016-06-10 00:00:00</subfield>
    <subfield code="w">2013-11-11</subfield>
    <subfield code="y">FCM</subfield>
    <subfield code="k">14725</subfield>
  </datafield>
  <datafield tag="952" ind1=" " ind2=" ">
    <subfield code="0">0</subfield>
    <subfield code="1">0</subfield>
    <subfield code="2">ddc</subfield>
    <subfield code="4">0</subfield>
    <subfield code="7">0</subfield>
    <subfield code="8">CM</subfield>
    <subfield code="a">SSSL</subfield>
    <subfield code="b">SSSL</subfield>
    <subfield code="c">DISPLAY</subfield>
    <subfield code="d">2016-06-10</subfield>
    <subfield code="e">IBH</subfield>
    <subfield code="g">425.00</subfield>
    <subfield code="i">SGTU</subfield>
    <subfield code="l">1</subfield>
    <subfield code="o">510,KHA</subfield>
    <subfield code="p">CM222</subfield>
    <subfield code="r">2019-02-26 00:00:00</subfield>
    <subfield code="s">2019-02-14</subfield>
    <subfield code="w">2013-11-11</subfield>
    <subfield code="y">FCM</subfield>
    <subfield code="k">14725</subfield>
  </datafield>
  <datafield tag="999" ind1=" " ind2=" ">
    <subfield code="c">8973</subfield>
    <subfield code="d">8973</subfield>
  </datafield>
</record>
